Diputació de Barcelona : setanta anys de catalogació i conservació de monuments : Hivernacle del Parc de la Ciutadella, del 20 de març al 30 d'abril de 1986 setanta anys de catalogació i conservació de monuments :
Publicado:
Barcelona :
Diputació de Barcelona, Servei de Catalogació i Conservació de Monuments ,
1986
Descripción Física:
81 p. : il., negre i col. ; 30 cm
MARC
| LEADER | 00000nam a2200000Ia 4500 | ||
|---|---|---|---|
| 001 | 1883 | ||
| 008 | 160829s1986 xx 000 0 cat d | ||
| 080 | |a B-1-323 | ||
| 245 | |a Diputació de Barcelona : |b setanta anys de catalogació i conservació de monuments : |b Hivernacle del Parc de la Ciutadella, del 20 de març al 30 d'abril de 1986 | ||
| 260 | |a Barcelona : |b Diputació de Barcelona, Servei de Catalogació i Conservació de Monuments, |c 1986 | ||
| 300 | |a 81 p. : |b il., negre i col. ; |c 30 cm | ||
| 590 | |a Catàleg de l'exposició | ||
| 650 | |a Monuments |x Conservació i restauració |x Exposicions |9 21872 | ||
| 710 | |a Barcelona (Catalunya : Província). |b Servei de Catalogació i Conservació de Monuments |9 54088 | ||
| 901 | |a Arxiu | ||
| 942 | |n 1 | ||
| 952 | |0 0 |1 0 |4 0 |6 B1323 |7 1 |9 41891 |a Arxiu |b Arxiu |d 2016-12-01 |l 0 |o B-1-323 |p 1883 |r 2016-12-01 00:00:00 |w 2016-12-01 |y ARXIU | ||
| 999 | |c 44338 |d 44338 | ||